| 000 | 00497nam a22001697a 4500 | ||
|---|---|---|---|
| 999 |
_c41086 _d41086 |
||
| 003 | OSt | ||
| 005 | 20210309101208.0 | ||
| 008 | 210309b ||||| |||| 00| 0 eng d | ||
| 020 | _a9780198060321 | ||
| 040 | _coclc | ||
| 082 |
_a297.8092 _bTUR/S |
||
| 100 |
_98521 _aTurner, Colin |
||
| 245 |
_aSaid Nursi / _cColin Turner ; Hasan Horkuc |
||
| 260 |
_aNew Delhi: _bOxford University Press, _c2009. |
||
| 300 | _a140p | ||
| 942 |
_2ddc _cBK _h297.8092 _iTUR/S _k297.8092 _mTUR/S |
||